Responses for show #4973 - Wednesday, April 5, 2006

Michael Falk game 2.

Contestants

Rory Cowan, a teacher from Long Beach, California

Suzan Reiner, a church office manager originally from Long Island, New York

Michael Falk, a meteorologist from Milwaukee, Wisconsin (whose 1-day cash winnings total $17,401)

Jeopardy! Round responses

THE SENIOR U.S. SENATOR
(Alex: We'll give you the state.)
MOVIE TEENAGERS
COMPOUND WORDS
GOOD GOLLY MALAWI!
"D"UDE!
WHERE'S MY CAR?
    $200 1
McCain

Michael
    $200 11
Romeo & Juliet

Michael
    $200 22
playgrounds

Michael
    $200 21
the mother

Rory
    $200 6
(Admiral George) Dewey

Suzan
    $200 12
James Bond

Michael
    $400 2
Schumer

Michael
    $400 17
Michael Landon

Rory
    $400 24
a courthouse

Michael
    $400 23
tea

Rory
    $400 7
(John) DeLorean

Rory
    $400 13
a Model T

Michael
    $600 3
(Michael: Who is Alexander?)
...
(Alex: Who is the majority leader? [*].)

Bill Frist

Michael
Triple Stumper
    $600 18
Rebel Without a Cause

Rory
    $600 28
goodwill

Michael
    $600 25
life

Michael
    $600 8
(Daniel) Defoe

Michael
    $600 14
Nader

Michael
    $800 4
(Suzan: Who is Boxer?)

(Dianne) Feinstein

MichaelSuzan
    $800 19
Deep Throat

Rory
    $800 29
Timberland

Michael
    $800 26
July

Suzan
    $2,000 9
(Michael: I don't know.)

David Dinkins

Michael
    $800 15
a Cougar

Michael
    $1000 5
(Orrin) Hatch

Michael
    $1000 20
Cheaper by the Dozen

Michael
    $1000 30
buttonhole

Triple Stumper
    $1000 27
(Rory: What is Swahili?)
...
(Alex: [*]. Go for the obvious, yes.)

English

SuzanRory
    $1000 10
(Suzan: Who is "Diefenbacher"?)
(Alex: [*].)

(John) Diefenbaker

Suzan
    $1000 16
(Alex: I'm almost out of breath! We'll be back in a moment.)

Silver

Suzan

Scores at the first commercial break (after clue 16):

Michael Suzan Rory
$2,600 $1,400 $400

Scores at the end of the Jeopardy! Round:

Michael Suzan Rory
$6,200 $3,200 $1,800

Double Jeopardy! Round responses

OLD HISTORY
THE SUMMER OLYMPICS
TIME LAPSE
MODERN WAR GLOSSARY
BEASTLY LIT
I'LL NEED SOME "ID"
    $400 4
the Aeneid

Michael
    $400 11
the marathon

Michael
    $400 9
tendrils

Rory
    $400 25
bombs

Michael
    $400 18
Lord of the Flies

Rory
    $400 1
Idaho

Suzan
    $800 5
Diana (or Artemis)

Suzan
    $800 12
(Alex: And the athlete was [*].)

Bob Beamon

Triple Stumper
    $800 10
Grand Central Station

Michael
    $800 29
shock

Michael
    $800 19
The Maltese Falcon

Michael
    $800 2
idle hands

Rory
    $1200 6
Nebuchadnezzar

Triple Stumper
    $1200 13
rhythmic gymnastics

Rory
    $1200 15
crystal

Rory
    $1200 30
embedded

Rory
    $1200 20
The Silence of the Lambs

Rory
    $1200 3
The Idiot

Michael
    $1600 7
(Rory: What is the Hellespont?)
...
(Alex: It was the Battle of [*].)

Actium

Rory
Triple Stumper
    $1600 14
(Rory: Who is Wilson?)

Mary Decker Slaney

Rory
Triple Stumper
    $1600 16
mitosis

Rory
    $1600 27
collateral

Michael
    $3,000 21
The Night of the Iguana

Rory
    $1600 23
Ida

Suzan
    $2000 8
Pompey the Great

Triple Stumper
    $2000 26
(Suzan: Open water--what is open water?)

flat water

Suzan
Triple Stumper
    $2000 17
an oak

Suzan
    $1,000 28
Patriot

Michael
    $2000 22
(Michael: What is The Deer Hunter?)
...
(Alex: Deer Hunter was a movie, of course.)

The Deerslayer

Michael
Triple Stumper
    $2000 24
idiosyncrasy

Suzan

Scores at the end of the Double Jeopardy! Round:

Michael Suzan Rory
$11,600 $8,000 $9,600

[wagering suggestions for these scores]

Final Jeopardy! Round responses

STATE CAPITALS
(Alex: Be careful on this one...)
(Suzan: Drew a complete blank!)
(Alex: You didn't come up with anything? Let's take a look. Did you draw a picture? Nothing. Just a little question mark.)
...
(Alex: Yes, Lincoln and Madison were two other state capitals that were named for presidents.)
SuzanWhat are ?
$7,000
RoryWhat are Bismarck and
$2,001
MichaelWhat are Jackson and Jefferson City?
$7,601
Jackson & Jefferson City

Final scores:

Michael Suzan Rory
$19,201 $1,000 $7,599
2-day champion: $36,602 3rd place: $1,000 2nd place: $2,000

Game dynamics:

Coryat scores:

Michael Suzan Rory
$14,600 $8,000 $8,200
25 R
(including 1 DD),
3 W
(including 1 DD)
10 R,
2 W
15 R
(including 1 DD),
3 W

Combined Coryat: $30,800

The J! Archive is created by fans, for fans. The Jeopardy! game show and all elements thereof, including but not limited to copyright and trademark thereto, are the property of Jeopardy Productions, Inc. and are protected under law. This website is not affiliated with, sponsored by, or operated by Jeopardy Productions, Inc. Join the discussion at JBoard.tv.